[Event "Wijk Cultural Village"]
[Site "Wijk aan Zee"]
[Date "2009.11.24"]
[Round "7"]
[White "Armas, Jules"]
[Black "Naroditsky, Daniel"]
[Result "1/2-1/2"]
[WhiteElo "2340"]
[BlackElo "2339"]
[PlyCount "64"]
[EventDate "2009.11.17"]
[EventType "tourn"]
[EventRounds "9"]
[EventCountry "NED"]
[EventCategory "4"]
[SourceTitle "EXT 2015"]
[Source "ChessBase"]
[SourceDate "2014.11.20"]
[SourceVersion "1"]
[SourceVersionDate "2014.11.20"]
[SourceQuality "1"]

1. e4 c5 2. Nf3 d6 3. Bb5+ Bd7 4. Bxd7+ Qxd7 5. c4 Nc6 6. d4 cxd4 7. Nxd4 g6 8. Nc3 Bg7 9. Nde2 Nf6 10. f3 0-0 11. 0-0 a6 12. a4 Rac8 13. Be3 e6 14. b3 d5 15. exd5 exd5 16. cxd5 Nb4 17. Rc1 Nbxd5 18. Nxd5 Qxd5 19. Nf4 Qf5 20. Qd2 Rcd8 21. Qc2 Qxc2 22. Rxc2 Rfe8 23. Rd2 Rxd2 24. Bxd2 g5 25. Nh3 h6 26. Rd1 Rc8 27. Rc1 Rxc1+ 28. Bxc1 Nd7 29. Be3 f5 30. Nf2 Kf7 31. Kf1 Ke6 32. Nd3 Bf8 1/2-1/2

[Event "Wijk Cultural Village"]
[Site "Wijk aan Zee"]
[Date "2009.11.18"]
[Round "2"]
[White "Siebrecht, Sebastian"]
[Black "Armas, Jules"]
[Result "1-0"]
[WhiteElo "2474"]
[BlackElo "2340"]
[PlyCount "97"]
[EventDate "2009.11.17"]
[EventType "tourn"]
[EventRounds "9"]
[EventCountry "NED"]
[EventCategory "4"]
[SourceTitle "EXT 2015"]
[Source "ChessBase"]
[SourceDate "2014.11.20"]
[SourceVersion "1"]
[SourceVersionDate "2014.11.20"]
[SourceQuality "1"]

1. Nf3 d6 2. d4 Nd7 3. e4 e5 4. g3 Ngf6 5. Nc3 c6 6. Bg2 Be7 7. 0-0 0-0 8. a4 Re8 9. h3 Bf8 10. Re1 Qa5 11. Be3 exd4 12. Nxd4 Nc5 13. Bd2 Qc7 14. a5 g6 15. Bf4 Ne6 16. Be3 Nc5 17. Bg5 Bg7 18. Qd2 Ne6 19. Be3 Nxd4 20. Bxd4 Be6 21. g4 h5 22. g5 Nh7 23. Bxg7 Kxg7 24. b4 a6 25. f4 f5 26. Qd4+ Kg8 27. exf5 Bxf5 28. Nd5 Qf7 29. Ne3 Re6 30. Nxf5 Qxf5 31. Rxe6 Qxe6 32. c4 Nf8 33. b5 axb5 34. cxb5 Rxa5 35. Rxa5 Qe1+ 36. Kh2 Qxa5 37. bxc6 bxc6 38. Qxd6 Qe1 39. Qxc6 Ne6 40. Qe8+ Kh7 41. Qe7+ Kh8 42. Qf6+ Ng7 43. f5 h4 44. Qf8+ Kh7 45. fxg6+ Kxg6 46. Qf6+ Kh7 47. Qh6+ Kg8 48. Bd5+ Kf8 49. Qf6+ 1-0

[Event "FRA-chT2 0910"]
[Site "France"]
[Date "2009.10.17"]
[Round "2.2"]
[White "Marco, Clement"]
[Black "Armas, Jules"]
[Result "0-1"]
[WhiteElo "2058"]
[BlackElo "2335"]
[PlyCount "100"]
[EventDate "2009.09.27"]
[EventType "team-tourn"]
[EventRounds "11"]
[EventCountry "FRA"]
[SourceTitle "EXT 2011"]
[Source "ChessBase"]
[SourceDate "2010.11.26"]
[SourceVersion "1"]
[SourceVersionDate "2010.11.26"]
[SourceQuality "1"]

1. e4 c5 2. Nf3 d6 3. d4 Nf6 4. Nc3 cxd4 5. Nxd4 a6 6. f3 e5 7. Nb3 Be6 8. Nd5 Bxd5 9. exd5 g6 10. Be3 Nbd7 11. c4 Qc7 12. Rc1 b6 13. Nd2 a5 14. a4 Bg7 15. Bd3 Nc5 16. Bb1 0-0 17. 0-0 Rae8 18. Ne4 Nh5 19. Nc3 f5 20. Nb5 Qd8 21. b3 Nf4 22. Rf2 g5 23. Kh1 e4 24. fxe4 fxe4 25. Nd4 Be5 26. Qg4 Bxd4 27. Bxd4 Nxb3 28. Rcf1 Nxd4 29. Rxf4 Rxf4 30. Rxf4 Rf8 31. Rxf8+ Qxf8 32. Qxg5+ Kh8 33. Qe3 Qf1+ 34. Qg1 Qxg1+ 35. Kxg1 e3 36. Kf1 Kg7 37. Ke1 h6 38. h4 Kf6 39. g4 Nf3+ 40. Ke2 Nxh4 41. Kxe3 Kg5 42. Bh7 Kxg4 43. Ke4 Kg5 44. Bg8 Ng6 45. Be6 Ne5 46. Kd4 Kf4 47. Bh3 h5 48. Bf1 Kg3 49. Ke4 h4 50. Kf5 h3 0-1

[Event "Wijk Cultural Village"]
[Site "Wijk aan Zee"]
[Date "2007.11.21"]
[Round "3"]
[White "Armas, Jules"]
[Black "Vasilev, Milen"]
[Result "0-1"]
[WhiteElo "2366"]
[BlackElo "2465"]
[PlyCount "72"]
[EventDate "2007.11.19"]
[EventType "tourn"]
[EventRounds "9"]
[EventCountry "NED"]
[EventCategory "8"]
[SourceTitle "CBM 121 Extra"]
[Source "ChessBase"]
[SourceDate "2008.01.10"]
[SourceVersion "1"]
[SourceVersionDate "2008.01.10"]
[SourceQuality "1"]

1. e4 c5 2. d3 Nc6 3. g3 g6 4. Bg2 Bg7 5. f4 d6 6. Nf3 e5 7. c3 Nge7 8. 0-0 0-0 9. Na3 h6 10. f5 gxf5 11. Nh4 f4 12. Qh5 Ng6 13. Nxg6 fxg6 14. Qxg6 Rf6 15. Qh5 Qf8 16. Nb5 Ne7 17. Nc7 Rb8 18. Ne8 Rg6 19. Nxg7 Qxg7 20. Rf2 Kh7 21. gxf4 Bg4 22. Qh4 Rg8 23. Kf1 Bc8 24. Bh3 Rg1+ 25. Ke2 Ng6 26. Qh5 Bxh3 27. Qxh3 Nxf4+ 28. Bxf4 Rxa1 29. Bxh6 Qxh6 30. Rf7+ Rg7 31. Rxg7+ Kxg7 32. Qd7+ Kg8 33. Qg4+ Qg7 34. Qe6+ Qf7 35. Qc8+ Kg7 36. Qg4+ Kh6 0-1

[Event "Cannes op"]
[Site "Cannes"]
[Date "2007.02.20"]
[Round "3"]
[White "Armas, Jules"]
[Black "Moingt, Anne"]
[Result "1-0"]
[WhiteElo "2397"]
[BlackElo "2188"]
[PlyCount "40"]
[EventDate "2007.02.18"]
[EventType "swiss"]
[EventRounds "9"]
[EventCountry "FRA"]
[SourceTitle "CBM 116 Extra"]
[Source "ChessBase"]
[SourceDate "2007.03.07"]
[SourceVersion "1"]
[SourceVersionDate "2007.03.07"]
[SourceQuality "1"]

1. e4 c5 2. Nf3 d6 3. g3 Nc6 4. Bg2 Nf6 5. d3 g6 6. 0-0 Bg7 7. h3 0-0 8. Re1 e5 9. Be3 b6 10. Qd2 Re8 11. Bg5 Be6 12. Nc3 Qd7 13. Kh2 Nd4 14. Nxd4 cxd4 15. Nd5 Bxd5 16. exd5 Rac8 17. c4 dxc3 18. bxc3 b5 19. a4 bxa4 20. Ra3 Ra8 1-0

[Event "FRA-chT2 0405"]
[Site "France"]
[Date "2004.11.06"]
[Round "2.2"]
[White "Kuzev, Jordan"]
[Black "Armas, Jules"]
[Result "1-0"]
[WhiteElo "2379"]
[BlackElo "2358"]
[PlyCount "77"]
[EventDate "2004.10.10"]
[EventType "team"]
[EventRounds "11"]
[EventCountry "FRA"]
[SourceTitle "EXT 2006"]
[Source "ChessBase"]
[SourceDate "2005.11.24"]
[SourceVersion "1"]
[SourceVersionDate "2005.11.24"]
[SourceQuality "1"]

1. d4 Nf6 2. Nf3 c5 3. d5 e6 4. Nc3 exd5 5. Nxd5 Nxd5 6. Qxd5 Be7 7. e4 0-0 8. Bc4 Nc6 9. 0-0 d6 10. c3 Na5 11. Be2 Be6 12. Qh5 f6 13. Nh4 Qe8 14. Qf3 g6 15. Qg3 Rf7 16. Nf5 Bf8 17. Nxd6 Bxd6 18. Qxd6 b6 19. h4 Bc4 20. Bxc4 Nxc4 21. Qf4 Rd8 22. b3 Ne5 23. Be3 Nd3 24. Qg4 Re7 25. Qf3 Kg7 26. h5 gxh5 27. Bh6+ Kg6 28. Qf5+ Kxh6 29. Qxf6+ Qg6 30. Qxe7 Rg8 31. g3 Nxf2 32. Kxf2 Qxg3+ 33. Ke2 Qg4+ 34. Kd3 Qh3+ 35. Kc4 b5+ 36. Kxb5 Qd3+ 37. c4 Rb8+ 38. Ka4 Rb4+ 39. Ka3 1-0

[Event "FRA-chT2 0304a"]
[Site "France"]
[Date "2004.03.13"]
[Round "8.2"]
[White "Rahal, Michael"]
[Black "Armas, Jules"]
[Result "1-0"]
[WhiteElo "2398"]
[BlackElo "2375"]
[PlyCount "53"]
[EventDate "2003.10.??"]
[EventType "team"]
[EventRounds "11"]
[EventCountry "FRA"]
[SourceTitle "EXT 2005"]
[Source "ChessBase"]
[SourceDate "2004.11.15"]
[SourceVersion "1"]
[SourceVersionDate "2004.11.15"]
[SourceQuality "1"]
[WhiteTeam "Avignon"]
[BlackTeam "Cannes II"]
[WhiteTeamCountry "FRA"]
[BlackTeamCountry "FRA"]

1. e4 c5 2. Nf3 d6 3. c3 Nf6 4. Be2 Nc6 5. d4 cxd4 6. cxd4 Nxe4 7. d5 Qa5+ 8. Nc3 Nxc3 9. bxc3 Ne5 10. Nxe5 dxe5 11. Qb3 a6 12. 0-0 e6 13. c4 exd5 14. cxd5 Be7 15. Bb2 f6 16. d6 Bxd6 17. Rfd1 Be7 18. Bc4 Kf8 19. Rac1 g6 20. Qe3 Kg7 21. Rd5 Qb4 22. Rxe5 Bd6 23. Rh5 gxh5 24. Qg5+ Kf8 25. Qxf6+ Ke8 26. Qf7+ Kd8 27. Bf6+ 1-0

[Event "Wijk Cultural Village"]
[Site "Wijk aan Zee"]
[Date "2003.11.28"]
[Round "4"]
[White "Armas, Jules"]
[Black "Ris, Robert"]
[Result "0-1"]
[WhiteElo "2375"]
[BlackElo "2297"]
[PlyCount "74"]
[EventDate "2003.11.24"]
[EventType "tourn"]
[EventRounds "9"]
[EventCountry "NED"]
[EventCategory "4"]
[SourceTitle "CBM 097 Extra"]
[Source "ChessBase"]
[SourceDate "2004.01.13"]
[SourceVersion "1"]
[SourceVersionDate "2004.01.13"]
[SourceQuality "1"]

1. e4 c6 2. d4 d5 3. Nd2 dxe4 4. Nxe4 Bf5 5. Ng3 Bg6 6. Nf3 Nd7 7. Nh4 e6 8. Nxg6 hxg6 9. Ne4 Qc7 10. g3 0-0-0 11. Bg2 Ngf6 12. Ng5 Nb6 13. 0-0 Kb8 14. c3 c5 15. Bf4 Bd6 16. Bxd6 Rxd6 17. Qe2 cxd4 18. cxd4 Rc8 19. a4 a6 20. a5 Nbd5 21. b4 Nc3 22. Qe5 Ne8 23. Nf3 f6 24. Qe1 Qc4 25. Bh3 Nc7 26. Qe3 N7d5 27. Qd2 Qxb4 28. Rfe1 Rcc6 29. Qd3 g5 30. Qg6 Qb3 31. Qxg7 Ka7 32. Qg8 Qb2 33. Qh7 Nb4 34. Rf1 Nc2 35. Rad1 Nxd1 36. Rxd1 Nxd4 37. Nxd4 Rxd4 0-1

[Event "Wijk Cultural Village"]
[Site "Wijk aan Zee"]
[Date "2003.11.24"]
[Round "1"]
[White "Tan, Kevin"]
[Black "Armas, Jules"]
[Result "0-1"]
[WhiteElo "2294"]
[BlackElo "2375"]
[PlyCount "122"]
[EventDate "2003.11.24"]
[EventType "tourn"]
[EventRounds "9"]
[EventCountry "NED"]
[EventCategory "4"]
[SourceTitle "CBM 097 Extra"]
[Source "ChessBase"]
[SourceDate "2004.01.13"]
[SourceVersion "1"]
[SourceVersionDate "2004.01.13"]
[SourceQuality "1"]

1. e4 c5 2. Nf3 d6 3. d4 Nf6 4. Nc3 cxd4 5. Nxd4 a6 6. Be2 e5 7. Nb3 Be7 8. 0-0 0-0 9. Kh1 Be6 10. f4 exf4 11. Rxf4 Nc6 12. Nd5 Ne5 13. Bd3 Re8 14. Be3 Nfd7 15. Nxe7+ Qxe7 16. Bg1 Rac8 17. Nd4 Qg5 18. Qd2 Nc4 19. Bxc4 Bxc4 20. Be3 Nf6 21. b3 Be6 22. Raf1 Qg6 23. Qd3 d5 24. e5 Qxd3 25. cxd3 Ng4 26. Bg1 Nxe5 27. R4f2 Nxd3 28. Rd2 Nc5 29. h3 Ne4 30. Rd3 h5 31. Kh2 Rc3 32. Rxc3 Nxc3 33. a4 Ne4 34. Rc1 Rc8 35. Rxc8+ Bxc8 36. Be3 g5 37. Kg1 f5 38. Kf1 f4 39. Bc1 Kf7 40. Ke2 Kg6 41. Kd3 Bd7 42. Nf3 Nc5+ 43. Kc3 Kf5 44. Ba3 Ne6 45. Bd6 Ke4 46. Ne5 d4+ 47. Kd2 Bc6 48. Nd3 Kf5 49. g3 fxg3 50. Bxg3 h4 51. Bd6 Bg2 52. Nf2 Nf4 53. Bc5 Ke5 54. Nd3+ Nxd3 55. Kxd3 Bf1+ 56. Kd2 Bxh3 57. Be7 Be6 58. Bxg5 h3 59. Bd8 Bxb3 60. a5 Ke4 61. Bc7 Bc4 0-1

[Event "FRA-chT2 0304a"]
[Site "France"]
[Date "2003.11.15"]
[Round "2.3"]
[White "Armas, Jules"]
[Black "Hawkes, John E"]
[Result "1-0"]
[WhiteElo "2375"]
[BlackElo "2050"]
[PlyCount "75"]
[EventDate "2003.10.??"]
[EventType "team"]
[EventRounds "11"]
[EventCountry "FRA"]
[SourceTitle "EXT 2005"]
[Source "ChessBase"]
[SourceDate "2004.11.15"]
[SourceVersion "1"]
[SourceVersionDate "2004.11.15"]
[SourceQuality "1"]
[WhiteTeam "Cannes II"]
[BlackTeam "Marseille Reciproque"]
[WhiteTeamCountry "FRA"]
[BlackTeamCountry "FRA"]

1. e4 d6 2. f4 g6 3. Nf3 c5 4. Bc4 Bg7 5. 0-0 Nc6 6. d3 e6 7. Qe1 Nge7 8. c3 Rb8 9. g4 d5 10. Bb3 0-0 11. f5 c4 12. f6 Bxf6 13. e5 Nxe5 14. Nxe5 Bxe5 15. Qxe5 Nc6 16. Qg3 cxb3 17. Bh6 bxa2 18. Rxa2 f6 19. Bxf8 Qxf8 20. b4 Bd7 21. Qc7 Qc8 22. Qxc8+ Rxc8 23. Rxf6 Ne5 24. Rxa7 Nxg4 25. Rf1 Rc7 26. d4 Ne3 27. Rf3 Nf5 28. Nd2 Kf7 29. Nb3 Ke7 30. Nc5 Bc8 31. Rf1 Nd6 32. Rf3 Nb5 33. Ra8 Kd6 34. Rf8 Bd7 35. Rad8 Kc6 36. Rf4 Nxc3 37. b5+ Nxb5 38. Nxe6 1-0

[Event "FRA-chT Poule Haute"]
[Site "France"]
[Date "2003.05.10"]
[Round "11.7"]
[White "Hauchard, Arnaud"]
[Black "Armas, Jules"]
[Result "1-0"]
[WhiteElo "2512"]
[BlackElo "2378"]
[PlyCount "123"]
[EventDate "2003.05.07"]
[EventType "team-tourn"]
[EventRounds "4"]
[EventCountry "FRA"]
[SourceTitle "CBM 095"]
[Source "ChessBase"]
[SourceDate "2003.07.25"]
[SourceVersion "1"]
[SourceVersionDate "2003.07.25"]
[SourceQuality "1"]
[WhiteTeam "Paris NAO"]
[BlackTeam "Cannes"]
[WhiteTeamCountry "FRA"]
[BlackTeamCountry "FRA"]

1. d4 Nf6 2. c4 c5 3. d5 e6 4. Nc3 exd5 5. cxd5 d6 6. e4 g6 7. f4 Bg7 8. Bb5+ Nfd7 9. a4 Qh4+ 10. g3 Qe7 11. Nf3 0-0 12. 0-0 Nf6 13. Re1 Bg4 14. Kg2 Na6 15. h3 Bxf3+ 16. Qxf3 Nb4 17. Re2 a6 18. Bc4 Nd7 19. b3 Bd4 20. Bb2 f6 21. Rae1 Rab8 22. Rd2 Kh8 23. Ba3 b5 24. Bf1 Rfc8 25. axb5 Bxc3 26. Qxc3 axb5 27. Bxb4 cxb4 28. Qxb4 Rc5 29. Qd4 b4 30. Bc4 Ra5 31. Rde2 Rba8 32. Re3 Ra2+ 33. R1e2 Qd8 34. Bb5 Qb6 35. Qxb6 Nxb6 36. Kf3 Kg7 37. Bc6 Rxe2 38. Kxe2 Ra2+ 39. Kd1 Ra5 40. Rd3 Ra1+ 41. Kd2 Ra2+ 42. Ke3 Rc2 43. Kd4 Kf7 44. Rd1 Rc3 45. Ra1 Nc8 46. Bd7 f5 47. Be6+ Kg7 48. Re1 Kh8 49. Re2 Nb6 50. Bg8 Nd7 51. Re1 Ne5 52. Bf7 Nd7 53. Rd1 Ne5 54. Re1 Nd7 55. Bg8 Kxg8 56. Rd1 Ne5 57. Re1 Nd7 58. Re2 Ne5 59. Re1 Nd7 60. Rb1 Nb8 61. Rh1 fxe4 62. Kxe4 1-0

[Event "FRA-chT Poule Haute"]
[Site "France"]
[Date "2003.05.08"]
[Round "9.7"]
[White "Van Hoolandt, Patrick"]
[Black "Armas, Jules"]
[Result "1-0"]
[WhiteElo "2298"]
[BlackElo "2378"]
[PlyCount "69"]
[EventDate "2003.05.07"]
[EventType "team-tourn"]
[EventRounds "4"]
[EventCountry "FRA"]
[SourceTitle "CBM 095"]
[Source "ChessBase"]
[SourceDate "2003.07.25"]
[SourceVersion "1"]
[SourceVersionDate "2003.07.25"]
[SourceQuality "1"]
[WhiteTeam "Monaco"]
[BlackTeam "Cannes"]
[WhiteTeamCountry "FRA"]
[BlackTeamCountry "FRA"]

1. c4 Nf6 2. g3 g6 3. Bg2 e5 4. Nc3 Bg7 5. Nf3 d6 6. d3 0-0 7. 0-0 c6 8. Rb1 a5 9. a3 Re8 10. Bg5 h6 11. Bxf6 Bxf6 12. b4 axb4 13. axb4 d5 14. cxd5 cxd5 15. e4 d4 16. Nd5 Be6 17. Nd2 Bg7 18. Ra1 Rxa1 19. Qxa1 Nc6 20. Qa4 Bf8 21. Rb1 Qa8 22. Qd1 Bxd5 23. exd5 Nxb4 24. Qb3 Qa6 25. Ne4 Rd8 26. d6 Nc6 27. Nc5 Qa7 28. Nxb7 Na5 29. Qa3 Rb8 30. Rb5 Nc6 31. Qxa7 Nxa7 32. Ra5 Nc8 33. d7 Nd6 34. d8Q Ra8 35. Ra1 1-0

[Event "FRA-chT2S"]
[Site "France"]
[Date "2002.11.16"]
[Round "2.2"]
[White "Ouakhir, Pierre Mehdi"]
[Black "Armas, Jules"]
[Result "1-0"]
[WhiteElo "2089"]
[BlackElo "2383"]
[PlyCount "115"]
[EventDate "2002.10.??"]
[EventType "team"]
[EventRounds "11"]
[EventCountry "FRA"]
[SourceTitle "EXT 2004"]
[Source "ChessBase"]
[SourceDate "2003.11.25"]
[SourceVersion "1"]
[SourceVersionDate "2003.11.25"]
[SourceQuality "1"]

1. d4 Nf6 2. c4 c5 3. d5 e6 4. Nc3 exd5 5. cxd5 d6 6. e4 g6 7. f4 Bg7 8. Bb5+ Nfd7 9. Bd3 a6 10. a4 0-0 11. Nf3 Nf6 12. 0-0 Re8 13. h3 Nbd7 14. Be3 Nf8 15. Qd2 Rb8 16. a5 b5 17. axb6 Rxb6 18. Rfe1 Bb7 19. Rab1 Rb4 20. Bf2 N8d7 21. Qc2 Nh5 22. g3 Qb6 23. Na2 Rb3 24. Nd2 Bxd5 25. exd5 Rxe1+ 26. Rxe1 Rxb2 27. Nc4 Rxc2 28. Nxb6 Rxf2 29. Re8+ Bf8 30. Rxf8+ Kxf8 31. Nxd7+ Ke7 32. Kxf2 Kxd7 33. Bxa6 f5 34. Nc3 Nf6 35. Kf3 h5 36. Bb5+ Kc7 37. Bc6 Kd8 38. Ke3 Ng8 39. Bb5 Nh6 40. Be2 Ke7 41. Kd3 Kd7 42. Kc4 Kc7 43. Nb5+ Kd7 44. Kb3 Ke7 45. Ka4 Ng8 46. Bf3 Nf6 47. Ka5 Kd7 48. Kb6 Ne8 49. Na3 Nf6 50. Nc4 Ne8 51. Kb7 Nf6 52. Nb6+ Ke7 53. Kc6 h4 54. gxh4 Ne4 55. Bxe4 fxe4 56. Nc4 Kf6 57. Kxd6 Kf5 58. Kxc5 1-0

[Event "FRA-chT1"]
[Site "France"]
[Date "2002.03.31"]
[Round "6.7"]
[White "Armas, Jules"]
[Black "Herb, Pascal"]
[Result "1-0"]
[WhiteElo "2385"]
[BlackElo "2307"]
[PlyCount "83"]
[EventDate "2002.02.??"]
[EventType "team"]
[EventRounds "11"]
[EventCountry "FRA"]
[SourceTitle "EXT 2003"]
[Source "ChessBase"]
[SourceDate "2002.11.25"]
[SourceVersion "1"]
[SourceVersionDate "2002.11.25"]
[SourceQuality "1"]
[WhiteTeam "Cannes"]
[BlackTeam "Mulhouse"]
[WhiteTeamCountry "FRA"]
[BlackTeamCountry "FRA"]

1. e4 c5 2. Nf3 d6 3. g3 Nf6 4. d3 g6 5. Bg2 Bg7 6. 0-0 0-0 7. c3 Nc6 8. Re1 d5 9. e5 Ne8 10. d4 cxd4 11. cxd4 Nc7 12. Nc3 Bg4 13. h3 Bxf3 14. Bxf3 e6 15. Bg2 b5 16. Be3 Qd7 17. Bf1 a6 18. h4 Na5 19. b3 Rfc8 20. h5 Ne8 21. Bd2 Nc6 22. hxg6 fxg6 23. Qg4 Bf8 24. a4 b4 25. Nxd5 Nxd4 26. Nb6 Qb7 27. Qxd4 Bc5 28. Qf4 Qxb6 29. a5 Qa7 30. Bxb4 Bxb4 31. Qxb4 Rab8 32. Qg4 Qf7 33. Bxa6 Rc2 34. Re2 Rc6 35. Bc4 Nc7 36. Qe4 Nd5 37. Rd2 Rc5 38. a6 Qa7 39. Bxd5 exd5 40. Rxd5 Qa8 41. Rd4 Qxe4 42. Rxe4 1-0

[Event "FRA-chT1"]
[Site "France"]
[Date "2002.03.31"]
[Round "5.7"]
[White "Zaffaroni, Jeremie"]
[Black "Armas, Jules"]
[Result "0-1"]
[WhiteElo "2010"]
[BlackElo "2385"]
[PlyCount "39"]
[EventDate "2002.02.??"]
[EventType "team"]
[EventRounds "11"]
[EventCountry "FRA"]
[SourceTitle "EXT 2003"]
[Source "ChessBase"]
[SourceDate "2002.11.25"]
[SourceVersion "1"]
[SourceVersionDate "2002.11.25"]
[SourceQuality "1"]
[WhiteTeam "Vandoeuvre"]
[BlackTeam "Cannes"]
[WhiteTeamCountry "FRA"]
[BlackTeamCountry "FRA"]

1. e4 c5 2. Nf3 d6 3. d4 Nf6 4. Nc3 cxd4 5. Nxd4 a6 6. Bg5 Nbd7 7. Bc4 e6 8. 0-0 Qa5 9. f4 Qc5 10. Bb3 e5 11. fxe5 dxe5 12. Qf3 Be7 13. Kh1 exd4 14. Nd5 0-0 15. Rae1 Nxd5 16. Bxe7 Nxe7 17. Bxf7+ Kh8 18. Qh5 Qxh5 19. Bxh5 Rxf1+ 20. Rxf1 0-1

[Event "FRA-chT1"]
[Site "France"]
[Date "2002.??.??"]
[Round "7.7"]
[White "Adrian, Claude"]
[Black "Armas, Jules"]
[Result "0-1"]
[WhiteElo "2329"]
[BlackElo "2385"]
[PlyCount "52"]
[EventDate "2002.02.??"]
[EventType "team"]
[EventRounds "11"]
[EventCountry "FRA"]
[SourceTitle "EXT 2003"]
[Source "ChessBase"]
[SourceDate "2002.11.25"]
[SourceVersion "1"]
[SourceVersionDate "2002.11.25"]
[SourceQuality "1"]
[WhiteTeam "Nancy"]
[BlackTeam "Cannes"]
[WhiteTeamCountry "FRA"]
[BlackTeamCountry "FRA"]

1. Nf3 Nf6 2. c4 d6 3. d4 c5 4. Nc3 cxd4 5. Nxd4 g6 6. g3 Nc6 7. Nc2 Be6 8. b3 d5 9. cxd5 Nxd5 10. Nxd5 Bxd5 11. Bb2 Bxh1 12. Bxh8 Qxd1+ 13. Rxd1 Be4 14. Ne3 f6 15. f3 Bf5 16. g4 Be6 17. g5 Kf7 18. Nd5 Bxd5 19. Rxd5 Kg8 20. Bxf6 exf6 21. gxf6 Rd8 22. Rb5 b6 23. e4 Nd4 24. Bc4+ Kh8 25. e5 Nxb5 26. Bxb5 Rd5 0-1

[Event "Sonnevanck 9th"]
[Site "Wijk aan Zee"]
[Date "2000.12.02"]
[Round "5"]
[White "Afek, Yochanan"]
[Black "Armas, Jules"]
[Result "1/2-1/2"]
[WhiteElo "2330"]
[BlackElo "2378"]
[PlyCount "21"]
[EventDate "2000.11.06"]
[EventType "tourn"]
[EventRounds "9"]
[EventCountry "NED"]
[EventCategory "5"]
[SourceTitle "CBM 079 Extra"]
[Source "ChessBase"]
[SourceDate "2001.01.11"]
[SourceVersion "2"]
[SourceVersionDate "2001.01.25"]
[SourceQuality "1"]

1. c4 c5 2. Nc3 Nc6 3. Nf3 Nf6 4. g3 g6 5. Bg2 Bg7 6. 0-0 0-0 7. d3 d6 8. Rb1 Rb8 9. a3 a6 10. Bd2 Bd7 11. b4 1/2-1/2

[Event "Corsica op"]
[Site "Bastia"]
[Date "1999.??.??"]
[Round "2"]
[White "Zelcic, Robert"]
[Black "Armas, Jules"]
[Result "1-0"]
[WhiteElo "2568"]
[BlackElo "2389"]
[PlyCount "64"]
[EventDate "1999.11.??"]
[EventType "swiss (rapid)"]
[EventRounds "9"]
[EventCountry "FRA"]
[SourceTitle "EXT 2001"]
[Source "ChessBase"]
[SourceDate "2000.11.22"]
[SourceVersion "1"]
[SourceVersionDate "2000.11.22"]
[SourceQuality "1"]

1. e4 c5 2. Nf3 d6 3. d4 Nf6 4. Nc3 cxd4 5. Qxd4 Nc6 6. Bb5 Bd7 7. Bxc6 Bxc6 8. Bg5 e6 9. 0-0-0 Be7 10. Rhe1 Qc7 11. Kb1 h6 12. Bxf6 Bxf6 13. Qxd6 Qxd6 14. Rxd6 Bxc3 15. bxc3 Ke7 16. Rd4 f6 17. Rb4 e5 18. Nh4 Rhd8 19. Nf5+ Kf7 20. Kc1 Rd7 21. f3 Rad8 22. c4 Rd2 23. Ne3 g6 24. Rg1 R8d4 25. Rb3 Ke6 26. Rc3 Re2 27. h4 f5 28. exf5+ gxf5 29. g4 f4 30. Nf5 Rdd2 31. Kb2 e4 32. fxe4 Bxe4 1-0

[Event "Sonnevanck 7th"]
[Site "Wijk aan Zee"]
[Date "1998.12.08"]
[Round "7"]
[White "Van Beek, Lucien"]
[Black "Armas, Jules"]
[Result "1-0"]
[WhiteElo "2315"]
[BlackElo "2450"]
[PlyCount "117"]
[EventDate "1998.12.01"]
[EventType "tourn"]
[EventRounds "9"]
[EventCountry "NED"]
[EventCategory "6"]
[SourceTitle "EXT 2000"]
[Source "ChessBase"]
[SourceDate "1999.11.16"]
[SourceVersion "1"]
[SourceVersionDate "1999.11.16"]
[SourceQuality "1"]

1. d4 b5 2. e4 Bb7 3. Bd3 Nf6 4. Qe2 a6 5. Nf3 g6 6. a4 c6 7. e5 Nd5 8. h4 Nb4 9. h5 Bg7 10. Ng5 c5 11. Be4 Bxe4 12. Qxe4 d5 13. exd6 Qxd6 14. c3 Nd5 15. Qf3 f5 16. dxc5 Qe5+ 17. Qe2 b4 18. Ne6 bxc3 19. Nxg7+ Qxg7 20. 0-0 0-0 21. Nxc3 Nxc3 22. bxc3 e5 23. Bg5 h6 24. Qd2 Kh7 25. hxg6+ Qxg6 26. Be7 Rg8 27. f4 Nd7 28. Rab1 Rg7 29. Bd6 Rag8 30. Rb2 e4 31. Be5 Nxe5 32. fxe5 Qc6 33. Qd6 Rc8 34. Rxf5 Qxc5+ 35. Qxc5 Rxc5 36. Re2 Rxc3 37. Rxe4 Rc1+ 38. Rf1 Rc2 39. Rf2 Rc1+ 40. Kh2 Rc6 41. Rd2 Re7 42. Kg3 Kg6 43. Kf4 Rf7+ 44. Ke3 Kf5 45. Rf4+ Ke6 46. Rxf7 Kxf7 47. Kd4 Rc1 48. Rf2+ Ke7 49. Rf6 Rd1+ 50. Ke4 Re1+ 51. Kf5 Rf1+ 52. Kg6 Rg1 53. Rf2 Ke6 54. Kxh6 Kxe5 55. Kg5 Kd4 56. g4 Kc4 57. Rf4+ Kc5 58. Kf6 a5 59. g5 1-0

[Event "Sonnevanck 7th"]
[Site "Wijk aan Zee"]
[Date "1998.12.04"]
[Round "4"]
[White "Armas, Jules"]
[Black "Romero Holmes, Alfonso"]
[Result "1/2-1/2"]
[WhiteElo "2450"]
[BlackElo "2485"]
[PlyCount "106"]
[EventDate "1998.12.01"]
[EventType "tourn"]
[EventRounds "9"]
[EventCountry "NED"]
[EventCategory "6"]
[SourceTitle "EXT 2000"]
[Source "ChessBase"]
[SourceDate "1999.11.16"]
[SourceVersion "1"]
[SourceVersionDate "1999.11.16"]
[SourceQuality "1"]

1. e4 c5 2. Nf3 d6 3. g3 g6 4. Bg2 Bg7 5. 0-0 Nf6 6. c3 0-0 7. Re1 Nc6 8. d3 Bg4 9. h3 Bxf3 10. Qxf3 Nd7 11. Qe2 Qc7 12. Nd2 b5 13. Nf1 b4 14. Bd2 Rab8 15. Ne3 e6 16. Nc4 Nb6 17. f4 Na4 18. Rac1 Qd7 19. cxb4 cxb4 20. e5 d5 21. b3 Nc3 22. Bxc3 dxc4 23. Bxc6 Qxc6 24. Bd4 c3 25. Bxa7 Ra8 26. Bf2 Ra3 27. Qe4 Qb5 28. Rc2 Rfa8 29. Ree2 Bf8 30. g4 R8a5 31. f5 Qa6 32. fxe6 Qxe6 33. d4 Bh6 34. Be3 Bxe3+ 35. Qxe3 Qa6 36. Qf2 Qb6 37. e6 fxe6 38. Qf6 Rd5 39. Rf2 Ra8 40. Rce2 Qxd4 41. Qf7+ Kh8 42. Rxe6 Rdd8 43. Re7 Qd1+ 44. Kh2 Qd6+ 45. Rf4 Rxa2+ 46. Kg3 Qd3+ 47. Rf3 Qd6+ 48. Rf4 Qd3+ 49. Rf3 Qd6+ 50. Kh4 g5+ 51. Kh5 Qg6+ 52. Qxg6 hxg6+ 53. Kh6 Rh2 1/2-1/2